00322 a2200133 450000100060000002000180000604000220002410000220004624000280006824500170009630000070011336200090012065000590012961158 a9783468471087 cAnchieta - Pituba aPfeifhofer, Petra10aGeni@l klickldeu / ger10aGeni@l klick a960 a2011 4aLínguas germânicas (teutônicas) língua alemã